<?xml version="1.0" encoding="UTF-8"?><?xml-stylesheet type="text/xsl" href="static/style.xsl"?><OAI-PMH xmlns="http://www.openarchives.org/OAI/2.0/" xmlns:xsi="http://www.w3.org/2001/XMLSchema-instance" xsi:schemaLocation="http://www.openarchives.org/OAI/2.0/ http://www.openarchives.org/OAI/2.0/OAI-PMH.xsd"><responseDate>2026-04-28T19:32:46Z</responseDate><request verb="GetRecord" identifier="oai:uvadoc.uva.es:10324/8030" metadataPrefix="marc">https://uvadoc.uva.es/oai/request</request><GetRecord><record><header><identifier>oai:uvadoc.uva.es:10324/8030</identifier><datestamp>2022-03-16T08:56:06Z</datestamp><setSpec>com_10324_38</setSpec><setSpec>col_10324_787</setSpec></header><metadata><record xmlns="http://www.loc.gov/MARC21/slim" xmlns:doc="http://www.lyncode.com/xoai" xmlns:xsi="http://www.w3.org/2001/XMLSchema-instance" xmlns:dcterms="http://purl.org/dc/terms/" xsi:schemaLocation="http://www.loc.gov/MARC21/slim http://www.loc.gov/standards/marcxml/schema/MARC21slim.xsd">
<leader>00925njm 22002777a 4500</leader>
<datafield tag="042" ind1=" " ind2=" ">
<subfield code="a">dc</subfield>
</datafield>
<datafield tag="720" ind1=" " ind2=" ">
<subfield code="a">Ruiz González, Rubén</subfield>
<subfield code="e">author</subfield>
</datafield>
<datafield tag="260" ind1=" " ind2=" ">
<subfield code="c">2014</subfield>
</datafield>
<datafield tag="520" ind1=" " ind2=" ">
<subfield code="a">En este proyecto se presenta un método de estimación del estado de los componentes rotantes en maquinaria agro-industrial, empleando señales de vibración adquiridas de un único punto del chasis. El objetivo de este trabajo es doble: (i) valorar la viabilidad de detectar algunos de los estados mecánicos de los componentes rotantes en maquinaria agro-industrial empleando un único acelerómetro situado en el chasis de la máquina, y (ii) proponer un sistema clasificador para ese propósito y evaluar su rendimiento. Como objetivo secundario, se extraerán las características más apropiadas, dentro de aquellas contempladas en este estudio, para ser empleadas en esta aplicación concreta de análisis de señales de vibración.</subfield>
</datafield>
<datafield tag="024" ind2=" " ind1="8">
<subfield code="a">http://uvadoc.uva.es/handle/10324/8030</subfield>
</datafield>
<datafield ind1=" " ind2=" " tag="653">
<subfield code="a">Máquinas agrícolas - Mantenimiento</subfield>
</datafield>
<datafield tag="245" ind1="0" ind2="0">
<subfield code="a">Análisis de vibraciones mecánicas mediante un clasificador basado en SVM para el mantenimiento predictivo de máquinas: aplicación en una cosechadora agrícola</subfield>
</datafield>
</record></metadata></record></GetRecord></OAI-PMH>